00494 a2200181 4500003000500000005001700005040000900022082001100031100001400042245002000056260003100076538003500107600001700142650002000159942001200179999001900191952010200210Nust20170207153233.0 cNust a515.63 aYusuf S.M aVector Analysis aPakistanbIlmi Kitab Khana aAlmirah No. 12 and Shelf No. 5 aDr.S.M.Yusuf aVector Analysis 2ddccBK c182069d182069 00102ddc40708NFICaMCSbMCSd2016-12-12l0o515.63 YOUpMCS7202ar2016-12-08w2016-12-12yBK